Arabic to English Country Names - Statistics

General Stats
  • This quiz has been taken 76 times
  • The average score is 17 of 21
Answer Stats
Arabic Transliteration English % Correct
إيطاليا 'Iitalia Italy
100%
البرازيل Albarazil Brazil
93%
تشاد Tshad Chad
93%
العراق Aleiraq Iraq
93%
فرنسا Faransa France
90%
موناكو Munaku Monaco
88%
الأرجنتين Al'arjantin Argentina
87%
ألمانيا 'Almanya Germany
85%
مصر Misr Egypt
81%
هولندا Hulanda Netherlands
81%
فيلبيني Filbini Philippines
81%
شيلي Shili Chile
79%
النرويج Alnurwij Norway
78%
الهند Alhind India
76%
سويسرا Jurjia Georgia
73%
المغرب Almaghrib Morocco
73%
اليابان Alyaban Japan
70%
المكسيك Almaksik Mexico
70%
ساموا Samuu Samoa
63%
الصين Alsiyn China
60%
بولندا Bulanda Poland
58%
No matching quizzes found
Score Distribution
Percent of People with Each Score
Percentile by Number Answered
Your Score History
You have not taken this quiz